[Event "AUT-ch U14"]
[Site "Tschagguns"]
[Date "2012.05.26"]
[Round "1"]
[White "Arztmann, Nils"]
[Black "Huber, Martin Christian"]
[Result "0-1"]
[WhiteElo "1715"]
[BlackElo "2163"]
[PlyCount "72"]
[EventDate "2012.05.26"]
[EventType "swiss"]
[EventRounds "7"]
[EventCountry "AUT"]
[SourceTitle "CBM 148 Extra"]
[Source "ChessBase"]
[SourceDate "2012.06.22"]
[SourceVersion "1"]
[SourceVersionDate "2012.06.22"]
[SourceQuality "1"]

1. e4 e5 2. Nc3 Nf6 3. f4 d5 4. exd5 exf4 5. Nf3 Nxd5 6. Nxd5 Qxd5 7. d4 Be6 8. c4 Bb4+ 9. Kf2 Qd7 10. Qb3 c5 11. d5 Bf5 12. Bxf4 0-0 13. Bd3 Bxd3 14. Qxd3 Qg4 15. Bg3 Nd7 16. a3 Ba5 17. Ne5 Nxe5 18. Bxe5 Rfe8 19. Bd6 Qh4+ 20. Bg3 Qf6+ 21. Kg1 Qxb2 22. Rb1 Qf6 23. Rxb7 Bc3 24. h3 Bd4+ 25. Kh2 Re3 26. Qb1 Be5 27. Rf1 Bxg3+ 28. Kg1 Qd4 29. Kh1 Rf8 30. Qf5 g6 31. Qd7 Qxc4 32. Qb5 Qxd5 33. Rxa7 Bb8 34. Rb7 Rxh3+ 35. Kg1 Qd4+ 36. Rf2 Bg3 0-1

[Event "AUT-ch U12"]
[Site "Eisenstadt"]
[Date "2010.05.23"]
[Round "4.4"]
[White "Arztmann, Nils"]
[Black "Uksini, Bardhyl"]
[Result "0-1"]
[WhiteElo "1268"]
[BlackElo "1606"]
[PlyCount "72"]
[EventDate "2010.05.22"]
[EventType "swiss"]
[EventRounds "7"]
[EventCountry "AUT"]
[SourceTitle "EXT 2024"]
[Source "ChessBase"]
[SourceDate "2023.10.10"]
[SourceVersion "1"]
[SourceVersionDate "2023.10.10"]
[SourceQuality "1"]

1. e4 c5 2. d4 cxd4 3. c3 dxc3 4. Nxc3 e6 5. Nf3 Nc6 6. Bc4 a6 7. a4 d6 8. 0-0 Be7 9. Qe2 Nf6 10. Rd1 Bd7 11. Bg5 0-0 12. Bxf6 gxf6 13. Rd3 Kh8 14. Rad1 Rc8 15. Nh4 Ne5 16. Rh3 Rg8 17. Qh5 Rg7 18. Be2 Qg8 19. f4 Ng6 20. Nxg6+ fxg6 21. Qg4 Rc7 22. Rhd3 Qc8 23. Qg3 Rc5 24. Qf2 Rc7 25. Qg3 Rc5 26. Qf2 Qc7 27. Bg4 b5 28. axb5 axb5 29. Qe3 b4 30. Na2 Rc4 31. e5 fxe5 32. fxe5 d5 33. b3 Bc5 34. bxc4 Bxe3+ 35. Rxe3 Qxc4 36. Bf3 Qxa2 0-1